| 000 | 00372nam a22001577a 4500 | ||
|---|---|---|---|
| 003 | SGT | ||
| 020 | _a9789390168293 | ||
| 082 | _a690,RON | ||
| 100 | _aRONALD WOODS.W | ||
| 245 | _aPRINCIPLES AND PRACTICES OF COMMERCIAL CONSTRUCTION | ||
| 250 | _a10TH | ||
| 260 |
_aINDIA _bPEARSON _c2022 |
||
| 300 | _a547 | ||
| 490 | _aCONSTRUCTION OF BUILDING | ||
| 942 |
_2ddc _cBK |
||
| 999 |
_c24975 _d24975 |
||